Trends and progress in the financial sector : (Record no. 147373)

MARC details
000 -LEADER
fixed length control field 00727nam a22002177a 4500
005 - DATE AND TIME OF LATEST TRANSACTION
control field 20171114100934.0
010 ## - LCCN (DPL NO)
LC control number ENG-121369
020 ## - INTERNATIONAL STANDARD BOOK NUMBER
Terms of availability 900.00
International Standard Book Number 9789380697178
035 ## - SYSTEM CONTROL NUMBER
System control number EN-104901
037 ## - SOURCE OF ACQUISITION
Source of stock number/acquisition DBAD/PUB
082 ## - DEWEY DECIMAL CLASSIFICATION NUMBER
Classification number 336.3
245 ## - TITLE STATEMENT
Title Trends and progress in the financial sector :
Statement of responsibility, etc edited by Nirmala Mohan, Annet Pearl [and] Zeenath Zarina
Remainder of title 24th-27th September,2010 /
260 ## - PUBLICATION, DISTRIBUTION, ETC. (IMPRINT)
Place of publication, distribution, etc New Delhi
Name of publisher, distributor, etc Excel India Publishers
Date of publication, distribution, etc 2011
270 ## - ADDRESS
Address 61/28,Dalpat Singh Building, Pratik Market, Munirka
City New Delhi
Postal code 110067
300 ## - PHYSICAL DESCRIPTION
Extent 218p.
Dimensions 28cm(pbk)
500 ## - GENERAL NOTE
General note Includes index
700 ## - ADDED ENTRY--PERSONAL NAME
Personal name Nirmala Mohan
700 ## - ADDED ENTRY--PERSONAL NAME
Personal name Annet Pearl
700 ## - ADDED ENTRY--PERSONAL NAME
Personal name Zeenath Zarina
942 ## - ADDED ENTRY ELEMENTS (KOHA)
Source of classification or shelving scheme Dewey Decimal Classification
Item type English Books
Call number suffix TRE
Classification part 336.3
Holdings
Withdrawn status Lost status Not for loan Collection code Home library Current library Date acquired Source of acquisition Cost, normal purchase price Full call number Barcode Copy number Cost, replacement price Koha item type
    Not For Loan Non-fiction D.B.Act.Division Bawana 13/11/2017 DBAD/PUB 900.00 332.6 VEN EN-104901 1 900.00 English Books

© Delhi Public Library
Hit Counter
free hit counter